Statistics for Forbes Top 20 Most Valuable Brands

Click here to take the quiz!

General Stats

  • This quiz has been taken 396 times
  • The average score is 10 of 20

Answer Stats

HintAnswer% Correct
TechnologyApple
96%
TechnologyMicrosoft
84%
RestaurantsMcDonald's
78%
BeveragesCoca-Cola
77%
TechnologyGoogle
72%
TechnologySamsung
71%
AutomotiveToyota
62%
RetailWal-Mart
60%
TechnologyFacebook
55%
AutomotiveBMW
51%
TechnologyAmazon
47%
ApparelNike
44%
TelecomAT&T
42%
TechnologyIBM
36%
DiversifiedGeneral Electric
30%
LuxuryLouis Vuitton
27%
TechnologyIntel
25%
LeisureDisney
20%
TechnologyOracle
13%
TechnologyCisco
10%

Score Distribution

Percentile by Number Answered

Percent of People with Each Score

Your Score History

You have not taken this quiz